00579nam a2200169 a 450000100100000000500170001000800410002704000250006808200160009311000410010924500240015026000610017430000340023504900090026995201140027899900170039200003129420200930062830.0110617s2005 dr ac 000 0 spa d aDO-SdBNPbspacBNPHU axxxxbF981i2 aBanco Dominicano del Progreso95775410aMemoria anual 2002. aSanto Domingo :bBanco Dominicano del Progreso,c[2005]. a74 p :bil., retrs. ;c29 cm. aBNPD 0010718PDaPDbPDcCTd2011-06-17iLF1l0oxxxx F981ip31294-10r2020-06-25w2020-06-25yLFPDZNo se presta c30786d30786